| 000 | 00568cam a2200181 4500 | ||
|---|---|---|---|
| 001 | D978 | ||
| 008 | 090401t1970 xxu||||| |||| 00| 0 eng d | ||
| 035 | _a(Sirsi) u49165 | ||
| 041 | _aeng | ||
| 050 | _a333.3320971 | ||
| 110 |
_aAppraisal Institute of Canada _9829 |
||
| 245 | _aReal estate appraising in Canada: prepared by a special committee of the National Education Administration Committee under H.P. Hamilton & L.H. Howard | ||
| 260 |
_aWinnipeg _bThe Institute of Canada _c1970 |
||
| 300 | _a373p. 24cm | ||
| 350 | _a0 | ||
| 942 | _n0 | ||
| 948 | _c04/03/1997 | ||
| 999 |
_c92507 _d92507 |
||